[Event "ACT Open"]
[Site "Amsterdam NED"]
[Date "2004.07.18"]
[Round "2"]
[White "Witt,Rob"]
[Black "De Jong,M"]
[Result "1/2-1/2"]
[WhiteElo "2287"]
[BlackElo "2319"]

1.Nf3 Nf6 2.c4 g6 3.Nc3 Bg7 4.e4 d6 5.d4 O-O 6.Be2 e5 7.O-O Na6 8.d5 Nc5
9.Qc2 a5 10.Bg5 h6 11.Be3 b6 12.Nd2 Ng4 13.Bxg4 Bxg4 14.a3 Na6 15.Rab1 f5
16.f3 Bh5 17.b4 f4 18.Bf2 axb4 19.axb4 g5 20.h3 Be8 21.Rfc1 h5 22.Kf1 g4
23.hxg4 hxg4 24.Ke2 Rf7 25.Rh1 g3 26.Bg1 Bf8 27.Kf1 Nb8 28.Qb2 Nd7 29.Ra1 Nf6
30.Ra3 Rb8 31.Ne2 c6 32.dxc6 Bxc6 33.Ra6 Qc7 34.b5 Bd7 35.Nc3 Be6 36.Qa2 Rc8
37.Bxb6 Bxc4+ 38.Qxc4 Qxc4+ 39.Nxc4 Rxc4 40.Ba5 d5 41.exd5 Bb4 42.Bxb4 Rxb4
43.Ke2 Rb2+ 44.Kd3 Rxg2 45.Rb1 Rf2 46.b6 Rxf3+ 47.Kc4 g2 48.b7 Nd7 49.Ra2 Nb6+
50.Kb5 Rxb7 51.Rxg2+ Rg3 52.Rxg3+ fxg3 53.Kc6 Nxd5 54.Kxb7 Nxc3 55.Rg1 Ne4
56.Kc6 Nf6 57.Kd6 Kf7 58.Kxe5 Ke7 59.Rxg3 Nd7+ 60.Kf5 Kd6 61.Rd3+ Kc6 62.Rd1 Nb6
63.Ke6 Kc5 64.Rh1 Nc4 65.Rh4 Ne3 66.Re4 Nc4 67.Re1 Kd4  1/2-1/2

[Event "XIII Open"]
[Site "Castellar del Valles ESP"]
[Date "2004.07.18"]
[Round "5"]
[White "Gomez Jurado,L"]
[Black "Comas Fabrego,L"]
[Result "0-1"]
[WhiteElo "2275"]
[BlackElo "2490"]

1.d4 Nf6 2.Nf3 g6 3.c4 Bg7 4.Nc3 O-O 5.e4 d6 6.Be2 Na6 7.O-O e5 8.Be3 Ng4
9.Bg5 f6 10.Bd2 exd4 11.Nxd4 f5 12.Nb3 Qh4 13.Bxg4 Qxg4 14.Qxg4 fxg4 15.Nd1 Re8
16.Re1 Be6 17.Rc1 b6 18.f3 gxf3 19.gxf3 Re7 20.Kg2 Rf7 21.Rf1 h5 22.h4 Kh7
23.Rf2 Re8 24.a3 Nb8 25.Bg5 Nc6 26.Ne3 Ne5 27.Rc3 Ref8 28.Nd2 Ng4 29.Nxg4 Bxc3
30.Nh6 Bxb2 31.Nxf7 Rxf7 32.Nf1 Bxa3 33.Ra2 Bc5 34.Rxa7 b5 35.Ra8 Bxc4 36.Ng3 Bd4
37.f4 b4 38.Rb8 b3 39.f5 b2 40.fxg6+ Kxg6  0-1

[Event "MTO"]
[Site "Biel SUI"]
[Date "2004.07.19"]
[Round "1"]
[White "Marcelin,C"]
[Black "Ditter,J"]
[Result "1-0"]
[WhiteElo "2451"]
[BlackElo "2146"]

1.d4 Nf6 2.c4 g6 3.Nc3 Bg7 4.e4 d6 5.Nf3 O-O 6.Be2 e5 7.Be3 Ng4 8.Bg5 f6
9.Bc1 Nc6 10.d5 Ne7 11.h3 Nh6 12.h4 Nf7 13.h5 g5 14.Rg1 g4 15.Nh4 Qd7 16.Qd3 Bh6
17.Nd1 Kh8 18.Rh1 Rg8 19.g3 Bxc1 20.Rxc1 Nh6 21.c5 f5 22.Ne3 Rg5 23.cxd6 cxd6
24.exf5 Rxh5 25.Nxg4 Nxg4 26.Bxg4 Rg5 27.f6  1-0

[Event "IM"]
[Site "Balatonlelle HUN"]
[Date "2004.07.20"]
[Round "2"]
[White "Hecht,HJ"]
[Black "Hardicsay,P"]
[Result "1/2-1/2"]
[WhiteElo "2423"]
[BlackElo "2307"]

1.d4 Nf6 2.c4 g6 3.Nc3 Bg7 4.e4 d6 5.Nf3 O-O 6.Be2 e5 7.O-O Na6 8.Re1 c6
9.Bf1 Qe8 10.h3 Bd7 11.Bg5 h6 12.Be3 Nh5 13.g3 Kh7 14.Bg2 Qe7 15.Rc1 Nc7
16.Rc2 Be8 17.Rd2 b6 18.a3 c5 19.dxe5 dxe5 20.Nd5  1/2-1/2

[Event "MTO"]
[Site "Biel SUI"]
[Date "2004.07.20"]
[Round "2"]
[White "Huss,A"]
[Black "Efimenko,Z"]
[Result "0-1"]
[WhiteElo "2334"]
[BlackElo "2572"]

1.d4 Nf6 2.c4 g6 3.Nc3 Bg7 4.Nf3 d6 5.e4 O-O 6.Be2 Na6 7.O-O e5 8.d5 Nc5
9.Qc2 a5 10.Bg5 h6 11.Be3 b6 12.Nd2 Bg4 13.Bxg4 Nxg4 14.Bxc5 bxc5 15.a4 Qd7
16.Ra3 f5 17.Rb3 f4 18.Rb5 h5 19.Nd1 Bh6 20.h3 Nf6 21.f3 g5 22.Nf2 Rf7 23.Nb3 Kh7
24.Nxa5 g4 25.hxg4 hxg4 26.fxg4 Rg8 27.Nc6 f3 28.Rb8 fxg2 29.Re1 Nxg4 30.Rxg8 Rxf2
31.Qxf2 Nxf2 32.Rxg2 Nd3 33.Rf1 Nf4 34.Rh2 Qg4+ 35.Kh1 Nh5 36.Rf7+ Kg6 37.Rff2 Ng3+
38.Kg1 Be3 39.Ne7+ Kg5  0-1

[Event "Open"]
[Site "Balatonlelle HUN"]
[Date "2004.07.22"]
[Round "4"]
[White "Safyanovsky,M"]
[Black "Mueller,Le"]
[Result "1/2-1/2"]
[WhiteElo "2359"]
[BlackElo "2198"]

1.d4 Nf6 2.Nf3 g6 3.c4 Bg7 4.Nc3 O-O 5.e4 d6 6.Be2 e5 7.dxe5 dxe5 8.Qxd8 Rxd8
9.Bg5 c6 10.Nxe5 Re8 11.Rd1 Na6 12.Nf3 Bg4 13.h3 Bxf3 14.Bxf3 Nxe4 15.Nxe4 Nc5
16.O-O Nxe4 17.Be3 Ng3 18.fxg3  1/2-1/2

[Event "Open"]
[Site "Balatonlelle HUN"]
[Date "2004.07.22"]
[Round "4"]
[White "Horvath,P1"]
[Black "Pesztericz,L"]
[Result "1-0"]
[WhiteElo "2503"]
[BlackElo "2300"]

1.d4 Nf6 2.c4 g6 3.Nc3 Bg7 4.e4 d6 5.Nf3 O-O 6.Be2 e5 7.d5 a5 8.Bg5 h6 9.Bh4 Na6
10.Nd2 Nc5 11.O-O c6 12.b3 cxd5 13.cxd5 Bd7 14.a3 g5 15.Bg3 b5 16.b4 axb4
17.axb4 Na4 18.Nxa4 bxa4 19.Qb1 Qb6 20.Nc4 Qa6 21.Rc1 Bb5 22.Ra3 Rfc8 23.Rac3 h5
24.f3 Bh6 25.Bf2 g4 26.R1c2 gxf3 27.gxf3 Bf4 28.Kh1 Kh7 29.Qf1 Bxc4 30.Bxc4 Qb7
31.Bh4 Ng8 32.b5 a3 33.Ra2 Ra4 34.Rac2 a2 35.Qa1 Bd2 36.Rxd2 Raxc4 37.Rxc4 Rxc4
38.Rxa2 Qxb5 39.Qg1 Qb3 40.Rf2 Rd4 41.Qg5 Rd1+ 42.Kg2 Qb1 43.Qxh5+ Kg7 44.Kh3 Rg1
45.Bg3 Qc1 46.f4 Qe3 47.Rf3 Qe2 48.fxe5 Qg2+ 49.Kh4 Nh6 50.e6 fxe6 51.Qg5+ Kh7
52.Qe7+ Kh8 53.Rf8+ Ng8 54.Qf6+  1-0

[Event "MTO"]
[Site "Biel SUI"]
[Date "2004.07.22"]
[Round "4"]
[White "Huhndorf,A"]
[Black "Lukin,A"]
[Result "0-1"]
[WhiteElo "2289"]
[BlackElo "2417"]

1.d4 Nf6 2.c4 g6 3.Nc3 Bg7 4.e4 d6 5.Be2 O-O 6.Nf3 e5 7.O-O Nbd7 8.Be3 h6
9.dxe5 dxe5 10.Nd2 c6 11.c5 Qe7 12.b4 b6 13.Qa4 Bb7 14.Qa3 b5 15.Nb3 Rfd8
16.Na5 Nf8 17.Rad1 Ne6 18.Rd6 Nd4 19.Bxd4 exd4 20.e5 Ne8 21.Ne4 Bxe5 22.Nxc6 Bxc6
23.Rxc6 Bxh2+ 24.Kxh2 Qxe4 25.Bxb5 d3 26.Ba4 Nf6 27.Kg1 Nd5 28.g3 Nxb4 29.Rd6 Rxd6
30.cxd6 Rd8 31.d7 Nc2 32.Bxc2 dxc2 33.Qxa7 Qd3  0-1

[Event "ACT Open"]
[Site "Amsterdam NED"]
[Date "2004.07.23"]
[Round "7"]
[White "Dambacher,M"]
[Black "Vonthron,H"]
[Result "1-0"]
[WhiteElo "2405"]
[BlackElo "2313"]

1.d4 Nf6 2.c4 g6 3.Nc3 Bg7 4.e4 d6 5.Nf3 O-O 6.Be2 e5 7.O-O Nbd7 8.Be3 c6
9.d5 c5 10.Ne1 Ne8 11.Nd3 f5 12.f3 f4 13.Bf2 g5 14.b4 b6 15.a4 a5 16.bxc5 bxc5
17.Rb1 h5 18.Qb3 Rf7 19.Be1 Bf8 20.Nf2 Nc7 21.Nb5 Na6 22.h3 Rg7 23.Bd2 Nb4
24.Rfc1 Nf6 25.Qd1 Be7 26.Kf1 Bd7 27.Rc3 Qb6 28.Be1 Kf7 29.Rb2 Rag8 30.Na3 Qb8
31.Nb1 Rh8 32.Kg1 Qg8 33.Qb3 Rh6 34.Nd2 Rhg6 35.Nf1 g4 36.fxg4 hxg4 37.hxg4 Nxg4
38.Bxg4 Bxg4 39.Nxg4 Rxg4 40.g3 Bh4 41.Rg2 Ke8 42.Rf3 Bxg3 43.Bxg3 fxg3 44.Rfxg3 Rxg3
45.Rxg3 Rxg3+ 46.Nxg3 Qg5 47.Qc3 Qg4 48.Kh2 Qd1 49.Qe3 Qc2+ 50.Kh3 Nd3 51.Qh6 Qxa4
52.Nf5 Nf2+ 53.Kh4 Nxe4 54.Ng7+ Kd8 55.Ne6+ Kc8 56.Qf8+ Kb7 57.Qe7+ Ka6 58.Nc7+ Kb6
59.Qd8 Kb7 60.Nb5  1-0

[Event "MTO"]
[Site "Biel SUI"]
[Date "2004.07.23"]
[Round "5"]
[White "Wells,P"]
[Black "Kritz,L"]
[Result "0-1"]
[WhiteElo "2494"]
[BlackElo "2541"]

1.d4 g6 2.e4 Bg7 3.c4 d6 4.Nc3 Nf6 5.Nf3 O-O 6.Be2 e5 7.Be3 Ng4 8.Bg5 f6
9.Bh4 g5 10.Bg3 Nh6 11.dxe5 dxe5 12.Qd5+ Kh8 13.O-O-O Qe7 14.h3 Na6 15.Qa5 c6
16.Na4 b6 17.Qd2 Be6 18.Qd6 Qf7 19.h4 g4 20.Ng5 fxg5 21.hxg5 Nf5 22.exf5 Qxf5
23.Qd2 b5 24.Rh4 Rad8 25.Qxd8 Nb4 26.Rd3 Rxd8 27.Rxd8+ Bg8  0-1

[Event "ACT Open"]
[Site "Amsterdam NED"]
[Date "2004.07.24"]
[Round "8"]
[White "Moor,O"]
[Black "Stellwagen,D"]
[Result "1-0"]
[WhiteElo "2389"]
[BlackElo "2509"]

1.d4 Nf6 2.c4 g6 3.Nc3 Bg7 4.Nf3 O-O 5.e4 d6 6.Be2 e5 7.dxe5 dxe5 8.Qxd8 Rxd8
9.Bg5 Nbd7 10.O-O-O Rf8 11.Nd2 Nc5 12.Nd5 Ncxe4 13.Nxe4 Nxe4 14.Be3 b6 15.Bf3 f5
16.Nxc7 Rb8 17.Bxe4 fxe4 18.Kb1 Bg4 19.Rd2 Rfc8 20.Nb5 Rxc4 21.b3 Rcc8 22.Nxa7 Rc3
23.h3 Bf5 24.g4 Be6 25.Rd6 Bf7 26.Rc1 Rd3 27.Rxb6 Rxb6 28.Rc8+ Bf8 29.Bxb6 Be6
30.Rb8 Kg7 31.Rb7+ Kg8 32.Be3 h5 33.Nc6 hxg4 34.hxg4 Rd1+ 35.Kc2 Ra1 36.a4 Bxg4
37.Kb2 Rd1 38.b4 Be2 39.b5 Rd6 40.Rb8 Kg7 41.Rxf8 Rxc6 42.Bh6+  1-0

[Event "ACT Open"]
[Site "Amsterdam NED"]
[Date "2004.07.24"]
[Round "8"]
[White "Markus,J"]
[Black "Spaan,T"]
[Result "1/2-1/2"]
[WhiteElo "2201"]
[BlackElo "2305"]

1.d4 Nf6 2.c4 g6 3.Nc3 Bg7 4.e4 O-O 5.Nf3 d6 6.Be2 e5 7.d5 a5 8.Bg5 h6 9.Bh4 Na6
10.Nd2 Qe8 11.O-O Nh7 12.a3 Bd7 13.b3  1/2-1/2

[Event "Politiken Cup"]
[Site "Copenhagen DEN"]
[Date "2004.07.25"]
[Round "2"]
[White "Henrichsen,J"]
[Black "Nielsen,Ma"]
[Result "0-1"]
[WhiteElo "2084"]
[BlackElo "2259"]

1.d4 Nf6 2.c4 g6 3.Nc3 Bg7 4.e4 d6 5.Be2 O-O 6.Nf3 Nbd7 7.O-O e5 8.Qc2 c6
9.Rd1 Qe7 10.Be3 exd4 11.Nxd4 Re8 12.f3 Nh5 13.g4 Nhf6 14.Kh1 Nc5 15.Bf4 Nfd7
16.Nb3 Be5 17.Qd2 a5 18.Bg5 f6 19.Bh4 g5 20.Bg3 Ne6 21.Bf2 a4 22.Nd4 Nxd4
23.Bxd4 a3 24.b3 Nf8 25.Rab1 Be6 26.Na4 Ng6 27.Nb6 Rad8 28.Rbc1 Nf4 29.Bf1 Kg7
30.Qc3 h5 31.Bxe5 dxe5 32.gxh5 Rh8 33.c5 Rxh5 34.Rxd8 Qxd8 35.Nc4 Qh8 36.Rc2 g4
37.fxg4 Bxg4 38.Qg3 Rg5 39.Ne3 Be6 40.Qf2 Qh7 41.Qf3 Qg6 42.Bg2 Kf7 43.Rd2 Bh3
44.Qd1 Nxg2 45.Rd7+ Bxd7 46.Qxd7+ Kg8 47.Nf5 Rxf5 48.exf5 Qg5 49.Qc8+ Kh7
50.Qxb7+ Kh6 51.Qxc6 Nh4 52.h3 Qxf5  0-1

[Event "Politiken Cup"]
[Site "Copenhagen DEN"]
[Date "2004.07.25"]
[Round "2"]
[White "Nielsen,PH"]
[Black "Laato,A"]
[Result "1-0"]
[WhiteElo "2652"]
[BlackElo "2210"]

1.d4 Nf6 2.c4 g6 3.Nc3 Bg7 4.e4 d6 5.Nf3 O-O 6.Be2 e5 7.O-O Na6 8.Re1 c6
9.Bf1 Bg4 10.d5 Nb4 11.Be2 a5 12.Bg5 h6 13.Be3 c5 14.h3 Bd7 15.Qd2 Kh7 16.Nh2 Ne8
17.f4 exf4 18.Bxf4 f5 19.a3 Na6 20.exf5 Bxf5 21.g4 g5 22.gxf5 gxf4 23.Bd3 Bd4+
24.Kh1 Qg5 25.Ne4 Qh5 26.Qxf4 Qxh3 27.Ng3 Be5 28.f6+ Kh8 29.Rxe5 dxe5 30.Qxe5 Nxf6
31.Bg6 Kg7 32.Nh5+  1-0

[Event "Politiken Cup"]
[Site "Copenhagen DEN"]
[Date "2004.07.25"]
[Round "2"]
[White "Bjarnason,S"]
[Black "Rasmussen,H"]
[Result "1-0"]
[WhiteElo "2318"]
[BlackElo "2150"]

1.d4 Nf6 2.c4 d6 3.Nf3 Nbd7 4.Nc3 e5 5.e4 g6 6.Be2 Bg7 7.O-O O-O 8.Re1 c6
9.Bf1 Qc7 10.b3 a6 11.dxe5 dxe5 12.Be3 Re8 13.Qc2 Nf8 14.Na4 N6d7 15.Rad1 Ne6
16.c5 Rb8 17.Rd2 Ndf8 18.Red1 Bd7 19.Nb6 Red8 20.Nc4 Be8 21.Nd6 Qe7 22.b4 h6
23.Qc3 Nc7 24.a4 Kh7 25.Bc4 f6 26.Bb3 Bd7 27.Rd3 Be6 28.Nd2 Bxb3 29.Nxb3 Nce6
30.Na5 Ng5 31.Qb3 Nge6 32.b5 axb5 33.axb5 cxb5 34.Qxb5 Nc7 35.Qb6 Nfe6 36.Ndxb7  1-0

[Event "Politiken Cup"]
[Site "Copenhagen DEN"]
[Date "2004.07.25"]
[Round "2"]
[White "Schlecht,D"]
[Black "Olsson,T"]
[Result "1-0"]
[WhiteElo "2363"]
[BlackElo "2099"]

1.d4 Nf6 2.c4 g6 3.Nc3 d6 4.e4 Bg7 5.Nf3 O-O 6.Be2 e5 7.Be3 Ng4 8.Bg5 f6
9.Bh4 Nc6 10.d5 Ne7 11.Nd2 f5 12.O-O Bf6 13.Bg3 Bg5 14.exf5 gxf5 15.h3 Nh6
16.f4 exf4 17.Bxf4 Bxf4 18.Rxf4 Ng6 19.Rf2 Qg5 20.Bf1 Bd7 21.Nf3 Qf6 22.Nd4 Ne5
23.Ncb5 Qh4 24.Nf3 Nxf3+ 25.Qxf3 Bxb5 26.cxb5 Nf7 27.Qf4 Qe7 28.Rc1 Ne5 29.Rfc2 Rac8
30.Be2 b6 31.Rf1 Ng6 32.Qd4 Nh4 33.Bd3 Rf7 34.g3 Rg7 35.Kh2 Ng6 36.Bxf5 Rf8
37.Rcf2 Kh8 38.Be6 Rxf2+ 39.Rxf2 Ne5 40.Qf4 Ng6 41.Qf5 h6 42.h4 Qd8 43.Kh3 Ne7
44.Qf8+ Qxf8 45.Rxf8+ Kh7 46.Ra8 Kg6 47.g4 h5 48.g5 Nf5 49.Rf8  1-0

[Event "Politiken Cup"]
[Site "Copenhagen DEN"]
[Date "2004.07.25"]
[Round "3"]
[White "Harstad,C"]
[Black "Tuomisto,K"]
[Result "1-0"]
[WhiteElo "2140"]
[BlackElo "1951"]

1.d4 g6 2.c4 Bg7 3.Nc3 d6 4.e4 Nf6 5.Nf3 O-O 6.Be2 e5 7.O-O Nbd7 8.Be3 Ng4
9.Bg5 f6 10.Bd2 Nh6 11.dxe5 dxe5 12.Qc1 Nf7 13.b4 c5 14.bxc5 Nxc5 15.Be3 Qa5
16.Rd1 Be6 17.Rb1 a6 18.Nd2 Rab8 19.Nb3 Nxb3 20.axb3 Rfe8 21.b4 Qc7 22.c5 Nd8
23.Nd5 Qf7 24.Nb6 f5 25.f3 Nc6 26.Nc4 Re7 27.Nd6 Qf8 28.Bc4 f4 29.Bxe6+ Rxe6
30.Qc4 Qe7 31.Bf2 Nd8 32.b5 axb5 33.Rxb5 Kh8 34.Rdb1 Qc7 35.Nxb7 Qe7 36.Nxd8 Rxd8
37.Rb8 Rc6 38.Qd5 Rcc8 39.Rxc8 Rxc8 40.Rb7 Qe8 41.Rd7 Bf6 42.c6 Bd8 43.Bd4  1-0

[Event "Politiken Cup"]
[Site "Copenhagen DEN"]
[Date "2004.07.25"]
[Round "3"]
[White "Holst,A"]
[Black "Nielsen,St"]
[Result "1-0"]
[WhiteElo "2358"]
[BlackElo "2124"]

1.d4 Nf6 2.c4 g6 3.Nc3 Bg7 4.e4 d6 5.Nf3 O-O 6.Be2 e5 7.Be3 exd4 8.Nxd4 Re8
9.f3 Nc6 10.Nxc6 bxc6 11.Bd4 c5 12.Be3 Nd7 13.Qd2 Ne5 14.O-O Be6 15.b3 Nc6
16.Kh1 Nd4 17.Bd3 Qd7 18.Rae1 Rab8 19.Bh6 Bh8 20.Na4 Qc6 21.Bg5 Bg7 22.f4 f5
23.Nc3 Qd7 24.Bh4 Qf7 25.Bf2 Rbd8 26.exf5 Bxf5 27.Nd5 Kh8 28.Bh4 Rb8 29.Nc3 Rxe1
30.Bxe1 Re8 31.Nd5 c6 32.Ne3 Bc8 33.Qc1 Bh6 34.Bd2 Rf8 35.Qb2 Kg8 36.b4 Ne6
37.f5 Bg7 38.Qb1 Nd4 39.fxg6 Qe6 40.Rxf8+ Bxf8 41.gxh7+ Kh8 42.bxc5  1-0

[Event "Open"]
[Site "Balatonlelle HUN"]
[Date "2004.07.26"]
[Round "8"]
[White "Kragelj,I"]
[Black "Pesztericz,L"]
[Result "1/2-1/2"]
[WhiteElo "2247"]
[BlackElo "2300"]

1.d4 Nf6 2.c4 g6 3.Nc3 Bg7 4.e4 d6 5.Nf3 O-O 6.Be2 e5 7.Be3 Ng4 8.Bg5 f6
9.Bc1 Nc6 10.d5 Ne7 11.h3 Nh6 12.h4 Bg4 13.h5 g5 14.Nh2 Bd7 15.g4 Nf7 16.Be3 c5
17.a3 a5 18.b3 h6 19.O-O Qc7 20.Qc2 Rfb8 21.Rfb1 b6 22.Nf1 Qc8 23.f3 Qe8
24.Ra2 Ra6 25.Rab2 Rba8 26.Nd2 Nc8  1/2-1/2

[Event "Politiken Cup"]
[Site "Copenhagen DEN"]
[Date "2004.07.26"]
[Round "4"]
[White "Schlecht,D"]
[Black "Fedorov,Alex"]
[Result "0-1"]
[WhiteElo "2363"]
[BlackElo "2620"]

1.d4 Nf6 2.c4 g6 3.Nc3 Bg7 4.e4 d6 5.Nf3 O-O 6.Be2 e5 7.dxe5 dxe5 8.Qxd8 Rxd8
9.Bg5 Re8 10.Nd5 Nxd5 11.cxd5 c6 12.Bc4 cxd5 13.Bxd5 Nc6 14.O-O Nb4 15.Bc4 Be6
16.Bxe6 Rxe6 17.Rfd1 f6 18.Bd2 Nd3 19.Be3 Nxb2 20.Rd7 b6 21.Rc1 Bf8 22.g4 Rd6
23.Rxd6 Bxd6 24.Rc6 Rd8 25.Bh6 Nd3 26.g5 f5 27.exf5 e4 28.Nd4 Ne5 29.Rc2 Bc5
30.Ne6 Nf3+ 31.Kg2 Ne1+ 32.Kg3 Rd3+  0-1

[Event "7th Open"]
[Site "Korinthos GRE"]
[Date "2004.07.26"]
[Round "6"]
[White "Timoshenko,G"]
[Black "Shavtvaladze,N"]
[Result "1/2-1/2"]
[WhiteElo "2536"]
[BlackElo "2439"]

1.d4 Nf6 2.c4 g6 3.Nc3 Bg7 4.e4 d6 5.Nf3 O-O 6.Be2 e5 7.Be3 h6 8.d5 Ng4 9.Bd2 f5
10.exf5 gxf5 11.h3 Nf6 12.Qc2 Na6 13.g3 Nc5 14.Be3 Nce4 15.Nxe4 Nxe4 16.g4 Nc5
17.Nd2 e4 18.O-O-O Qf6 19.Nb3 Nxb3+ 20.Qxb3 f4 21.Bd4 Qg6 22.Bxg7 Qxg7 23.f3  1/2-1/2

[Event "12th GM"]
[Site "Lippstadt GER"]
[Date "2004.07.26"]
[Round "3"]
[White "Schenk,A"]
[Black "Maiwald,JU"]
[Result "1-0"]
[WhiteElo "2483"]
[BlackElo "2524"]

1.d4 g6 2.Nf3 Nf6 3.c4 Bg7 4.Nc3 O-O 5.e4 d6 6.Be2 e5 7.Be3 Ng4 8.Bg5 f6
9.Bh4 Nc6 10.d5 Ne7 11.Nd2 Nh6 12.f3 c5 13.Rb1 g5 14.Bf2 f5 15.h3 Ng6 16.g4 fxg4
17.hxg4 Nf4 18.Rh2 Nf7 19.Nf1 Nh8 20.Ne3 Nhg6 21.Nf5 Bxf5 22.exf5 Nh4 23.Kf1 Rf6
24.Ne4 Rh6 25.Bg3 Bf6 26.Kg1 Be7 27.Bf1 a6 28.b4 cxb4 29.Rxb4 b5 30.Rhb2 Rc8
31.Bf2 bxc4 32.Bb6 Qf8 33.Rc2 Rb8 34.a3 Qf7 35.Be3 Rxb4 36.axb4 Kg7 37.Bxc4 Nxf5
38.gxf5 Qh5 39.Ng3 Qh4 40.Qe1 Nh5 41.f6+ Kf7 42.Rh2 Qxc4 43.fxe7  1-0

[Event "Open"]
[Site "Balatonlelle HUN"]
[Date "2004.07.27"]
[Round "9"]
[White "Gyimesi,Z"]
[Black "Kahn,E"]
[Result "1-0"]
[WhiteElo "2618"]
[BlackElo "2321"]

1.d4 Nf6 2.c4 g6 3.Nc3 Bg7 4.e4 d6 5.Nf3 O-O 6.Be2 e5 7.O-O exd4 8.Nxd4 Nc6
9.Be3 Re8 10.f3 Nh5 11.Qd2 f5 12.Nxc6 bxc6 13.c5 d5 14.Bg5 Bf6 15.Bxf6 Nxf6
16.exd5 Nxd5 17.Bc4 Be6 18.Rfe1 Bf7 19.Rxe8+ Qxe8 20.Bxd5 cxd5 21.Nxd5 Qe5
22.Rd1 Rb8 23.b3 c6 24.Qc3 Re8 25.Nf6+ Kh8 26.Qxe5 Rxe5 27.Rd7 Kg7 28.Nxh7 f4
29.h4  1-0

[Event "Accentus Ladies"]
[Site "Biel SUI"]
[Date "2004.07.27"]
[Round "8"]
[White "Radziewicz,I"]
[Black "Lahno,Kateri"]
[Result "1-0"]
[WhiteElo "2431"]
[BlackElo "2472"]

1.e4 d6 2.d4 g6 3.c4 Bg7 4.Nc3 Nf6 5.Be2 O-O 6.Nf3 e5 7.d5 a5 8.h3 Na6 9.Bg5 h6
10.Be3 Ne8 11.Qd2 Kh7 12.g4 Nc5 13.Rg1 a4 14.Qc2 Bd7 15.h4 b6 16.h5 g5 17.Nd2 Bf6
18.f3 Ng7 19.Nf1 Qe7 20.Kf2 Ra5 21.Ng3 Rfa8 22.Rab1 Qd8 23.Bd2 Qb8 24.b4 axb3
25.axb3 Ra3 26.b4 Nb7 27.Bc1 Ra1 28.Rxa1 Rxa1 29.Be3 Qa8 30.Rxa1 Qxa1 31.Qb3 Qa8
32.Bd1 Bd8 33.Nge2 Kg8 34.Nc1 Ne8 35.Nd3 Be7 36.Nb1 Qa6 37.Be2 Qa7 38.Nd2 Kf8
39.Qc3 f6 40.Qb2 Ng7 41.Nb3 c5 42.dxc6 Bxc6 43.Qa1 Qxa1 44.Nxa1 Bd8 45.Nb3 Ne6
46.Nb2 Nf4 47.Bf1 Kf7 48.Nc1 Bc7 49.Na2 Ne6 50.Nc3 Nbd8 51.Nd5 Bxd5 52.cxd5 Nd4
53.Bxd4 exd4 54.Ke2 Ke7 55.Kd3 Nf7 56.Kxd4 Ne5 57.Ke3 Kf7 58.Bb5 Ke7 59.Na4 Nf7
60.Nc3 Kf8 61.Ne2 Kg8 62.Nd4 Ne5 63.Nf5 Kh7 64.Be2 Bb8 65.Kd2 Bc7 66.Kc3 Bb8
67.Kb3 b5 68.Nd4  1-0

[Event "Open Dutch Champ"]
[Site "Dieren NED"]
[Date "2004.07.27"]
[Round "1"]
[White "Ikonnikov,Vy"]
[Black "De Saegher,C"]
[Result "1/2-1/2"]
[WhiteElo "2543"]
[BlackElo "2207"]

1.d4 Nf6 2.Nf3 g6 3.c4 Bg7 4.Nc3 O-O 5.e4 d6 6.Be2 e5 7.O-O Nbd7 8.Qc2 Nh5
9.Bg5 f6 10.Be3 Nf4 11.Bxf4 exf4 12.Bd3 Re8 13.Nd5 g5 14.e5 fxe5 15.Bxh7+ Kh8
16.Bg6 Rf8 17.dxe5 Nxe5 18.Nxe5 Bxe5 19.Be4 c6 20.Nb4 Qf6 21.Nd3 Bd4 22.Rad1 Bg4
23.Rd2 Kg7 24.Ne1 Rae8 25.Nf3 Bc5 26.a3 a5 27.Re2 Bc8 28.Bd3 g4 29.Rxe8 Rxe8
30.Nd2 Rh8 31.Ne4 Qe5 32.Nxc5 dxc5 33.Qc3 Qd4  1/2-1/2

[Event "Open Dutch Champ"]
[Site "Dieren NED"]
[Date "2004.07.27"]
[Round "1"]
[White "Dekker,Te"]
[Black "Rybenko,K"]
[Result "1/2-1/2"]
[WhiteElo "2069"]
[BlackElo "2248"]

1.d4 Nf6 2.c4 g6 3.Nc3 Bg7 4.e4 d6 5.Be2 O-O 6.Nf3 e5 7.O-O exd4 8.Nxd4 Re8
9.f3 Nc6 10.Be3 Nh5 11.Nxc6 bxc6 12.Qd2 f5 13.Bd3 Qh4 14.Qf2 Qxf2+ 15.Kxf2 f4
16.Bd2 Bd4+ 17.Ke1 Ba6 18.Kd1 d5 19.b3 Nf6 20.Rb1 Bxc3 21.Bxc3 dxe4 22.Bxf6 exd3
23.Rb2 h6 24.Rd2 Kf7 25.Bh4 g5 26.Bf2 Red8 27.Re1 Bc8 28.Re5 a5 29.Bc5 Be6
30.Kc1 Kf6 31.Re1 Rd7 32.Kb2 Bf5 33.a3 h5 34.Kc3 h4 35.Bd4+ Kg6 36.h3 Rad8
37.Bc5 Kf7 38.Re5 Kf6 39.Re1 Bg6 40.Kb2 Re8 41.Rxe8 Bxe8 42.Kc3 Bg6 43.Rd1 Rd8
44.Kd2 Re8 45.Re1 Rxe1 46.Kxe1 a4 47.bxa4 Bf7 48.Bd4+ Kf5 49.c5 Bb3 50.a5 Bc4
51.Kd2 Ba6 52.Bc3  1/2-1/2

[Event "Politiken Cup"]
[Site "Copenhagen DEN"]
[Date "2004.07.28"]
[Round "6"]
[White "Johannessen,LE"]
[Black "Trygstad,K"]
[Result "1/2-1/2"]
[WhiteElo "2538"]
[BlackElo "2265"]

1.d4 Nf6 2.c4 g6 3.Nc3 Bg7 4.e4 d6 5.Nf3 O-O 6.Be2 e5 7.O-O Na6 8.Rb1 exd4
9.Nxd4 Re8 10.f3 c6 11.Bg5 h6 12.Bh4 g5 13.Bf2 Nh5 14.Re1 Nf4 15.Bf1 Be5
16.Qd2 Qf6 17.Kh1 Nc5 18.Rbd1 Be6 19.Be3 a5 20.Qf2 a4 21.Qc2 Kh8 22.Nce2 Nxe2
23.Bxe2 Na6 24.Rf1 Nb4 25.Qd2 c5 26.Nb5 Rad8 27.b3 axb3 28.axb3 Rg8 29.g3 Bh3
30.Rf2 Ra8 31.f4 gxf4 32.Bxf4 Qg6 33.Nxd6 Bd4 34.Be5+ Bxe5 35.Nxf7+ Kh7 36.Nxe5 Qxe4+
37.Nf3 Ra2 38.Qe1 Re8 39.Rd2 Rxd2 40.Qxd2 Re7 41.Kg1 Rd7 42.Qc3 Nd3 43.Bxd3 Qxd3
44.Qxd3+ Rxd3 45.Nd2  1/2-1/2

[Event "Open Dutch Champ"]
[Site "Dieren NED"]
[Date "2004.07.28"]
[Round "2"]
[White "Janssen,R"]
[Black "Van der Veen,Jan"]
[Result "1-0"]
[WhiteElo "2484"]
[BlackElo "2129"]

1.d4 Nf6 2.c4 g6 3.Nc3 Bg7 4.e4 d6 5.Be2 O-O 6.Nf3 e5 7.O-O Na6 8.Be3 Ng4
9.Bg5 Qe8 10.dxe5 h6 11.Bd2 dxe5 12.Qc1 Kh7 13.h3 Nf6 14.Rd1 c6 15.Be3 Qe7
16.c5 Nh5 17.Bxa6 bxa6 18.Rd6 Nf4 19.Bxf4 exf4 20.Qxf4 Rb8 21.Rxc6 Rxb2 22.Nd5 Qb7
23.Rc7 Qb8 24.Rxf7 Qxf4 25.Rxf4 Rxf4 26.Nxf4 Rc2 27.Rb1 Rxc5 28.Rb8 Rc2 29.g4 Bd7
30.Rb7 Bc6 31.Rxa7 Bxe4 32.Ne6 Bxf3 33.Rxg7+ Kh8 34.Rxg6 Rxa2 35.Rxh6+ Kg8
36.Rf6 Bd5 37.g5 a5 38.h4 a4 39.h5  1-0

[Event "7th Open"]
[Site "Korinthos GRE"]
[Date "2004.07.28"]
[Round "8"]
[White "Banikas,H"]
[Black "Baklan,V"]
[Result "1/2-1/2"]
[WhiteElo "2519"]
[BlackElo "2595"]

1.d4 Nf6 2.c4 g6 3.Nc3 Bg7 4.e4 d6 5.Nf3 O-O 6.Be2 e5 7.Be3 c6 8.d5 Ng4 9.Bg5 f6
10.Bh4 h5 11.h3 Nh6 12.Nd2 Na6 13.g4 hxg4 14.hxg4 Nf7 15.a3 c5 16.Qc2  1/2-1/2

[Event "Skanska Open"]
[Site "Pardubice CZE"]
[Date "2004.07.28"]
[Round "6"]
[White "Kabanov,N"]
[Black "Schebler,G"]
[Result "0-1"]
[WhiteElo "2507"]
[BlackElo "2463"]

1.Nf3 Nf6 2.c4 g6 3.Nc3 Bg7 4.e4 d6 5.d4 O-O 6.Be2 e5 7.Be3 Ng4 8.Bg5 f6
9.Bc1 exd4 10.Nxd4 f5 11.exf5 Nxf2 12.Kxf2 Qh4+ 13.g3 Qxd4+ 14.Qxd4 Bxd4+
15.Kg2 Bxc3 16.bxc3 Bxf5 17.Re1 Nd7 18.Bh6 Be4+ 19.Kg1 Rfe8 20.Bg4 Nc5 21.Re3 Bc6
22.Rd1 Rxe3 23.Bxe3 b6 24.Bh6 Re8 25.Rf1 Bd7 26.Bf3 Be6 27.Bc6 Rc8 28.Re1 Bxc4
29.Re7 Bxa2 30.Kg2 a5 31.Kh3 Bf7 32.Kh4 a4 33.Bc1 Kf8 34.Re3 Kg7 35.Re7 Kf8
36.Re2 Bc4 37.Re3 Nd3 38.Ba3 Kf7 39.Bd5+ Bxd5 40.Rxd3 Bc4 41.Rf3+ Kg7 42.Re3 Rf8
43.g4 h6 44.Kg3 c5 45.Re1 Rf1  0-1

[Event "Politiken Cup"]
[Site "Copenhagen DEN"]
[Date "2004.07.29"]
[Round "7"]
[White "Harstad,C"]
[Black "Bjarnason,S"]
[Result "0-1"]
[WhiteElo "2140"]
[BlackElo "2318"]

1.d4 Nf6 2.c4 g6 3.Nc3 Bg7 4.e4 d6 5.Nf3 O-O 6.Be2 Nbd7 7.O-O e5 8.d5 Nc5
9.Qc2 a5 10.Bg5 h6 11.Be3 Ng4 12.Bxc5 dxc5 13.a3 Qe7 14.Rab1 Bd7 15.Ne1 Nf6
16.Nd3 a4 17.b4 axb3 18.Rxb3 b6 19.Ra1 Ra5 20.Nb2 Rc8 21.Nb5 Ne8 22.a4 Nd6
23.Rd1 f5 24.f3 h5 25.Bd3 fxe4 26.Nxd6 Qxd6 27.Bxe4 Kh7 28.g4 Qf6 29.gxh5 Qg5+
30.Kh1 Qxh5 31.d6 Bf5 32.dxc7 Rxc7 33.Rxb6 Qxf3+ 34.Bxf3 Bxc2 35.Re1 Rf7
36.Be4 Bxe4+ 37.Rxe4 Rf4 38.Rxf4 exf4 39.Kg2 Bxb2 40.Rxb2 Rxa4 41.Rc2 Ra3
42.Rf2 g5 43.h4 Kg6 44.hxg5 Kxg5 45.Rd2 Kg4 46.Rd5 Ra2+ 47.Kf1 Kf3 48.Rd3+ Ke4
49.Rd5 Ra5 50.Kf2 f3 51.Rh5 Ra2+ 52.Kg1 Ke3 53.Rh3 Rc2 54.Rh4 Rc1+ 55.Kh2 f2  0-1

[Event "Politiken Cup"]
[Site "Copenhagen DEN"]
[Date "2004.07.30"]
[Round "8"]
[White "Rasmussen,H"]
[Black "Svanholm,B"]
[Result "1/2-1/2"]
[WhiteElo "2150"]
[BlackElo "2052"]

1.d4 Nf6 2.Nf3 g6 3.c4 Bg7 4.Nc3 d6 5.e4 O-O 6.Be2 e5 7.dxe5 dxe5 8.Qxd8 Rxd8
9.Bg5 Re8 10.O-O-O h6 11.Bh4 Bg4 12.Bg3 Nh5 13.Nd5 Na6 14.Ne3 Bxf3 15.gxf3 Red8
16.Rxd8+ Rxd8 17.Rd1 Rxd1+ 18.Kxd1 Nf4 19.b3 Ne6 20.Nc2 Kf8 21.b4 Ke7 22.c5 Nb8
23.Bc4 Nc6 24.Bxe6 Kxe6 25.f4 h5 26.Ke2 exf4 27.Bxf4 Be5 28.Ke3 f6 29.h4 a6
30.f3 Nd8 31.Bxe5 fxe5 32.f4 Nf7 33.fxe5 Kxe5 34.Nd4 g5 35.Nf3+ Kf6 36.hxg5+ Nxg5
37.Nh4 Ne6 38.Nf3 Kg6 39.Kd3 Kf6 40.Ke3 c6 41.a3 Nf8 42.a4 Ng6 43.Kd4 h4
44.b5 axb5 45.axb5 h3 46.bxc6 bxc6 47.Ke3 Ne5 48.Nh2 Kg5 49.Nf1 Kg4 50.Kf2 Nd3+
51.Ke3 Nxc5 52.e5 Kf5 53.Kf3 Kxe5 54.Kg3 Ne4+ 55.Kxh3 Kd4 56.Kg4 Kd3 57.Kf4 c5
58.Ne3 Nd2 59.Nd1 Nb3 60.Nb2+ Kc2 61.Nc4 Nd2 62.Nd6 Kd3 63.Nf7 Kd4 64.Ne5 Kd5
65.Nd7 c4 66.Nb6+ Kd4 67.Nxc4  1/2-1/2